00377 2200157 4500001002100000005001500021035002000036245003700056100001800093300002200111260003000133082000800163084001400171020002200185990001200207INLIS00000000000293420250917092510 a0010-09250002811 aArjuna Dewangga /cKirana Kejora0 aKirana Kejora a300 ;c14 x 21 cm aJakarta :bAnugrah,c2018 a813 a813 KIR a a978-602-6409-60-7 a0755699